000 01105cam a22002531ia4500
003 SA-RiAUC
005 20250407062052.0
008 250406q19001999le g 00010 ara c
040 _aSA-MdTU
_bara
_cSA-RiAUC
_erda
043 _aa-su---
082 0 4 _a953.1
_qSA-RiAUC
090 _a953.1
_b م خ ت
100 1 _aالمختار، صلاح الدين
_eمؤلف.
245 1 0 _aتاريخ المملكة العربية السعودية في ماضيها وحاضرها /
_cصلاح الدين المختار.
264 1 _aبيروت :
_bدار مكتبة الحياة،
_c[بين 1900 و1999]
300 _a2 مجلد ؛
_c24 سم
336 _aنص
_btxt
_2rdacontent
_3كتاب
337 _aبدون وسيط
_bn
_2rdamedia
338 _aمجلد
_bnc
_2rdacarrier
520 0 _aيشتمل على تاريخ آل سعود من عهد جدهم الأعلى مانع المريري حتى عهد الإمام عبد الرحمن الفيصل وعلى سيرة جهادهم.
651 7 _aالسعودية
_xتاريخ
_2aucsh
942 _2ddc
_cBOOK
_n0
949 _aSA-JeALM
_d250406
_uosman123
_n1
999 _c6708
_d6708